|
|
|
|
| LEADER |
01391nam a2200385 i 4500 |
| 001 |
001638348 |
| 003 |
CZ BrMZK |
| 005 |
20180731133224.0 |
| 007 |
ta |
| 008 |
180716s1995 xr a g 000 h cze |
| 015 |
|
|
|a cnb000110893
|
| 020 |
|
|
|a 80-85614-57-X
|q (brožováno) :
|c Kč 16,00
|
| 035 |
|
|
|a (OCoLC)36507506
|
| 040 |
|
|
|a BOA001
|b cze
|e rda
|
| 072 |
|
7 |
|a 821-1/-8
|x Literatura různých forem a žánrů
|2 Konspekt
|9 25
|
| 080 |
|
|
|a 821-36
|2 MRF
|
| 080 |
|
|
|a 347.99
|2 MRF
|
| 080 |
|
|
|a 82-7
|2 MRF
|
| 080 |
|
|
|a (0:82-36)
|2 MRF
|
| 080 |
|
|
|a (046)34
|2 MRF
|
| 100 |
1 |
|
|a Smržová, Vlasta,
|d 1924-
|7 jk01120182
|4 aut
|
| 245 |
1 |
0 |
|a Smích mezi paragrafy :
|b jménem zákona, dopijte to pivo : humor ze soudních síní a předsíní.
|n II. díl /
|c Vlasta Smržová ; ilustrace Milostav Havlíček
|
| 264 |
|
1 |
|a [Líbeznice] :
|b Víkend,
|c 1995
|
| 300 |
|
|
|a 63 stran :
|b ilustrace ;
|c 20 cm
|
| 336 |
|
|
|a text
|b txt
|2 rdacontent
|
| 337 |
|
|
|a bez média
|b n
|2 rdamedia
|
| 338 |
|
|
|a svazek
|b nc
|2 rdacarrier
|
| 650 |
0 |
7 |
|a soudnictví
|7 ph125852
|x humor
|2 czenas
|
| 655 |
|
7 |
|a anekdoty
|7 fd131798
|2 czenas
|
| 655 |
|
7 |
|a soudničky
|7 fd133558
|2 czenas
|
| 700 |
1 |
|
|a Havlíček, Miloslav,
|d 1933-
|7 jo2003204261
|4 ill
|
| 910 |
|
|
|a BOA001
|b 2-1408.932,2
|
| 990 |
|
|
|a BK
|
| 991 |
|
|
|b 201807
|c NOV
|
| 996 |
6 |
|
|b 2610749236
|c 2-1408.932,2
|l MZK
|r Sklad / do 1 hodiny
|n 0
|p dar
|w 001674268
|u 000010
|a 1
|e BOA001
|j MZK50
|s P
|